Statistics for Biggest and Most Guessed Countries by Rank

Click here to take the quiz!

General Stats

  • This quiz has been taken 220 times
    (219 since last reset)
  • The average score is 17 of 20

Answer Stats

Rank Country % Correct
2.5United States
100%
2Canada
99%
3.5China
98%
2Russia
98%
6Australia
97%
6Brazil
96%
10India
96%
9Mexico
94%
13.5Argentina
91%
25France
90%
31Indonesia
84%
31Spain
78%
23Egypt
77%
26.5Saudi Arabia
76%
20South Africa
74%
20.5Iran
73%
29Mongolia
69%
32D. R. of Congo
69%
28.5Chile
67%
27.5Peru
64%

Score Distribution

Percentile by Number Answered

Percent of People with Each Score

Your Score History

You have not taken this quiz since the last reset